000 00744nam a2200229 a 4500
005 20160206155151.0
008 140314t2000 mx ||||gr|||| 00| 0 spa d
040 _aCO-BoIAVH
_cCO-BoIAVH
041 _aspa
044 _amx
082 0 4 _a354.028
_bM97e
100 1 _aMuñoz Villarreal , Carlos
245 1 _aEconomía, sociedad y medio ambiente
_breflexiones y avances hacia un desarrollo sustentable en México
260 _aMéxico
_bSEMARNAT
_c2000
300 _a309 paginas. :
_c21 x 16 cm
650 4 _aDesarrollo sustentable
650 4 _aConservación
_xBiodiversidad
650 6 _apolítica ambiental
700 1 _aGonzález Martínez, Ana Citlalic
942 _cLIBRO
_2ddc
945 _d2005-01-24
999 _c4296
_d4296